00337nam a2200121Ia 4500008004100000041000800041082001600049100002100065245005200086260003300138300003000171365001400201240624s9999 xx 000 0 und d aeng a658.155 SKI aSKIPPER HAROLD D aRISK MANAGEMENT AND INSURANCE PERSPECTIVES IN A c2009aNew DelhibWiley India axv, : 751 : p. : cm. ; 23 cRSb33.33